Operace mé dcery /

V novele z lékařského prostředí na sklonku 20. století se hrdina ocitá v mezní situaci a během krize dospívá k podstatě hodnot, jakými jsou opravdová láska, obětavost a harmonické manželství.

Hlavní autor: Rudolf, Stanislav, 1932-2022
Jazyk: Čeština
Vydáno: Praha : Československý spisovatel, 1980
Vydání: 1. vyd.
Edice: Malá žatva
Externí odkaz: Digitalizovaný dokument
Fyzický popis: 238, [2] s. ; 8°
Knihy
Uloženo v:
LEADER 01311nam a22003252a 4500
001 000899056
003 CZ BrMZK
005 20080721140047.0
007 ta
008 080527s1980 xr er 000 0 cze d
015 |a cnb000142416 
035 |a (OCoLC)8847809 
040 |a ABA001  |b cze  |c ABA001  |d ABA001  |d BOA001 
080 9 |a 885-321.1 
100 1 |a Rudolf, Stanislav,  |d 1932-2022  |7 jk01103025  |4 aut 
245 1 0 |a Operace mé dcery /  |c Stanislav Rudolf 
250 |a 1. vyd. 
260 |a Praha :  |b Československý spisovatel,  |c 1980 
300 |a 238, [2] s. ;  |c 8° 
490 1 |a Malá žatva 
500 |a 50000 výt. 
500 |a Vstupní kresba: Jitka Valterová 
500 |a Obálku s použitím kresby J. Valterové a vazbu navrhl Rostislav Vaněk 
520 2 |a V novele z lékařského prostředí na sklonku 20. století se hrdina ocitá v mezní situaci a během krize dospívá k podstatě hodnot, jakými jsou opravdová láska, obětavost a harmonické manželství. 
830 0 |a Malá žatva  |0 s 
856 4 1 |u http://www.digitalniknihovna.cz/mzk/uuid/uuid:d7f953b0-d854-11e2-bcca-005056827e51  |y Digitalizovaný dokument  |x NDK 
910 |a BOA001  |b 1-0823.989 
990 |a BK 
991 |b 200805 
996 6 |b 2619298625  |c 1-0823.989  |l MZK  |r Sklad / do 1 hodiny  |n 2  |w 000899056  |u 000010  |a 1  |e BOA001  |j MZK50  |s P